000 00674nam a2200229Ia 4500
005 20250508170217.0
008 008 250505s9999 xx 000 0 eng d
020 _a978-1-137-33826-6
037 _aTextBook
040 _aFEDL
_beng
_cFEDL
041 _aeng
_2eng
084 _a001.42, CRE/R
_qFEDL
100 _aCreswell John W
245 0 _aResearch design: Qualitative, quantitative and mixed methods approaches
250 _a3
260 _aNew Delhi, India
_bSage
_c2009
300 _axxviii, 260p.
365 _aINR
_b395
546 _aPhotocopy and gifted by Prof. Salaja Chennat
942 _cTB
_h001.42, CRE/R
999 _c1399805
_d1399805